Zwierzęta żyjące w Polsce - Statystyki

Ogólne statystyki
  • Ten quiz został rozwiązany 59 razy
  • Średni wynik to 10 z 10
Answers on the Grid
Answers color-coded by a green-red scale on the quiz's grid according to % correct below.
Wilk
Zebra
Słoń
Wiewiórka
Sarna
Jeż
Leniwiec
Dzik
Flaming
Bocian
Tygrys
Antylopa
Bóbr
Aligator
Panda
Kaczka
Niedźwiedź brunatny
Łoś
Żyrafa
Kameleon
 
Statystyki odpowiedzi
Odpowiedź % Poprawnych
Bóbr
100%
Niedźwiedź brunatny
100%
Dzik
98%
Jeż
98%
Łoś
98%
Sarna
98%
Wiewiórka
98%
Wilk
98%
Bocian
96%
Kaczka
94%
Nie znaleziono quizów pasujących do podanych kryteriów
Rozkład punktacji
Procent ludzi z każdym wynikiem
Percentyl według liczby udzielonych odpowiedzi
Twoja historia wyników
Nie rozwiązałeś tego quizu